000 00612nam a2200205Ia 4500
001 15408
003 GE_BSU
008 181216s||||||||xx |||||||||||||| ||und||
040 _cGE_BSU
080 _a821.353.1-32
100 _aქუთათელაძე,გენრიეტა
245 _aმოლოდინი
245 _cრედ.შ.ზოიძე.მხატვ.რ.სანადირაძე
260 _aბათუმი
260 _bსაბჭოთა აჭარა
260 _c1974
300 _a86გვ.17სმ.
653 _aმოლოდინი
942 _cBK
999 _c48511
_d48511